000 00657nam a2200241Ia 4500
003 OSt
005 20220918222355.0
006 a|||||r|||| 00| 0
007 ta
008 220917b |||||||| |||| 00| 0 eng d
024 _a216,700
037 _cTextual
040 _aARTS
_cARTS
_beng
041 _2eng
_aeng
082 _aX0gW.6, P0
100 _aSandbrook Richard
245 0 _aClosing the circle
_b democratization and development in Africa
260 _aLondon
_bBetween the lines
_c2000
300 _axii, 180p
_ccm.
650 _aECONOMICS
942 _hX0gW.6, P0
_cTEXL
_2CC
999 _c275370
_d275370